|
|
|
|
| LEADER |
00000nab a2200000 a 4500 |
| 001 |
vtls008828843 |
| 003 |
SK-MaSNL |
| 005 |
20260303062838.0 |
| 008 |
140303c2006 xo wrzp 0 0slo |
| 015 |
|
|
|a SNBRB2006/06
|2 snkbucl
|
| 040 |
|
|
|a SNKBUCL
|b slo
|c SNKBUCL
|e AACR2
|
| 041 |
0 |
|
|a slo
|
| 044 |
|
|
|a xo
|c SK
|
| 080 |
|
|
|a 616.348/.351-006.6-08
|2 1997
|
| 100 |
1 |
|
|a Martinický, Dávid
|4 aut
|9 871343
|
| 245 |
1 |
0 |
|a Súčasné trendy v liečbe pokročilého kolorektálneho karcinómu
|c Dávid Martinický
|
| 300 |
|
|
|b Fotogr., grafy
|
| 650 |
0 |
7 |
|a karcinóm kolorektálny
|x liečba
|2 snkbucl
|9 855855
|
| 773 |
0 |
|
|t Zdravotnícke noviny
|g Roč. XI, č. 17 (2006)
|x 1335-4477
|
| 773 |
0 |
8 |
|t Lekárske listy
|g Č. 17 (2006), s.12-18
|
| 852 |
|
|
|a SNK
|b KIS3GCP
|
| 958 |
|
|
|a ME
|
| 958 |
|
|
|a SK
|
| 999 |
|
|
|c 1740802
|d 1742732
|